000 00683nam a2200229 a 4500
001 BRCA_6213
005 20190320205355.0
008 180711s1951----nyu#######---#000-0#eng-#
050 4 _aRM222.2
_b.K68 1951
100 1 _aKoten, Bernard
_915621
245 1 0 _aThe low-calory cookbook
_cBernard Koten; foreward by Donald B. Armstrong
260 _aNueva York
_bRandom House
_cc1951
300 _axiv., 253 p.
_c22 cm.
500 _aIncluye tabla de calorias y índice alfabético
500 _aEstado físico: Camisa deteriorada
500 _aK72
650 1 4 _aDietas
_915439
650 1 4 _aObesidad
_98058
650 1 4 _aCocina, Libros de
_915622
902 _aGFM
942 _2lcc
_cB
999 _c5900
_d5900